<?xml version="1.0" encoding="UTF-8"?>
<record
    xmlns:xsi="http://www.w3.org/2001/XMLSchema-instance"
    xsi:schemaLocation="http://www.loc.gov/MARC21/slim http://www.loc.gov/standards/marcxml/schema/MARC21slim.xsd"
    xmlns="http://www.loc.gov/MARC21/slim">

  <leader>00429nam a22001697a 4500</leader>
  <controlfield tag="005">20260202113203.0</controlfield>
  <controlfield tag="008">160523b        xxu||||| |||| 00| 0 eng d</controlfield>
  <datafield tag="020" ind1=" " ind2=" ">
    <subfield code="a">0-07-12447-x</subfield>
  </datafield>
  <datafield tag="041" ind1=" " ind2=" ">
    <subfield code="a">eng</subfield>
  </datafield>
  <datafield tag="082" ind1=" " ind2=" ">
    <subfield code="a">005.74</subfield>
  </datafield>
  <datafield tag="100" ind1=" " ind2=" ">
    <subfield code="a">Silberscherts, Abraham &amp; Others</subfield>
    <subfield code="9">1071</subfield>
  </datafield>
  <datafield tag="245" ind1=" " ind2=" ">
    <subfield code="a">Data Base System Concept</subfield>
  </datafield>
  <datafield tag="260" ind1=" " ind2=" ">
    <subfield code="a">New Delhi</subfield>
    <subfield code="b">Academic Faundation </subfield>
  </datafield>
  <datafield tag="300" ind1=" " ind2=" ">
    <subfield code="a">1100</subfield>
  </datafield>
  <datafield tag="650" ind1=" " ind2=" ">
    <subfield code="a">Information Technology</subfield>
  </datafield>
  <datafield tag="942" ind1=" " ind2=" ">
    <subfield code="c">BK</subfield>
  </datafield>
  <datafield tag="999" ind1=" " ind2=" ">
    <subfield code="c">1461</subfield>
    <subfield code="d">1461</subfield>
  </datafield>
  <datafield tag="952" ind1=" " ind2=" ">
    <subfield code="0">0</subfield>
    <subfield code="1">0</subfield>
    <subfield code="4">0</subfield>
    <subfield code="7">0</subfield>
    <subfield code="8">CS/IT</subfield>
    <subfield code="a">JRU</subfield>
    <subfield code="b">MAIN</subfield>
    <subfield code="c">SHELF-55-A</subfield>
    <subfield code="d">2016-05-23</subfield>
    <subfield code="l">1</subfield>
    <subfield code="o">005.74</subfield>
    <subfield code="p">4365</subfield>
    <subfield code="r">2025-09-22 13:38:47</subfield>
    <subfield code="s">2025-09-09</subfield>
    <subfield code="w">2016-05-23</subfield>
    <subfield code="y">BK</subfield>
  </datafield>
  <datafield tag="952" ind1=" " ind2=" ">
    <subfield code="0">0</subfield>
    <subfield code="1">0</subfield>
    <subfield code="4">0</subfield>
    <subfield code="7">0</subfield>
    <subfield code="8">CS/IT</subfield>
    <subfield code="a">JRU</subfield>
    <subfield code="c">SHELF-55-A</subfield>
    <subfield code="d">2016-05-23</subfield>
    <subfield code="l">2</subfield>
    <subfield code="o">005.74</subfield>
    <subfield code="p">4366</subfield>
    <subfield code="r">2025-09-15 10:02:37</subfield>
    <subfield code="s">2025-09-10</subfield>
    <subfield code="w">2016-05-23</subfield>
    <subfield code="y">BK</subfield>
  </datafield>
  <datafield tag="952" ind1=" " ind2=" ">
    <subfield code="0">0</subfield>
    <subfield code="1">0</subfield>
    <subfield code="4">0</subfield>
    <subfield code="7">0</subfield>
    <subfield code="8">CS/IT</subfield>
    <subfield code="a">JRU</subfield>
    <subfield code="b">MAIN</subfield>
    <subfield code="c">SHELF-55-A</subfield>
    <subfield code="d">2016-05-23</subfield>
    <subfield code="l">0</subfield>
    <subfield code="o">005.74</subfield>
    <subfield code="p">4367</subfield>
    <subfield code="r">2016-05-23 00:00:00</subfield>
    <subfield code="w">2016-05-23</subfield>
    <subfield code="y">BK</subfield>
  </datafield>
  <datafield tag="952" ind1=" " ind2=" ">
    <subfield code="0">0</subfield>
    <subfield code="1">0</subfield>
    <subfield code="4">0</subfield>
    <subfield code="7">0</subfield>
    <subfield code="8">CS/IT</subfield>
    <subfield code="a">JRU</subfield>
    <subfield code="c">SHELF-55-A</subfield>
    <subfield code="d">2016-05-23</subfield>
    <subfield code="l">0</subfield>
    <subfield code="o">005.74</subfield>
    <subfield code="p">4368</subfield>
    <subfield code="r">2016-05-23 00:00:00</subfield>
    <subfield code="w">2016-05-23</subfield>
    <subfield code="y">BK</subfield>
  </datafield>
  <datafield tag="952" ind1=" " ind2=" ">
    <subfield code="0">0</subfield>
    <subfield code="1">0</subfield>
    <subfield code="4">0</subfield>
    <subfield code="7">0</subfield>
    <subfield code="8">CS/IT</subfield>
    <subfield code="a">JRU</subfield>
    <subfield code="b">JRU</subfield>
    <subfield code="c">SHELF-55-A</subfield>
    <subfield code="d">2016-05-23</subfield>
    <subfield code="l">0</subfield>
    <subfield code="o">005.74</subfield>
    <subfield code="p">4369</subfield>
    <subfield code="r">2016-05-23 00:00:00</subfield>
    <subfield code="w">2016-05-23</subfield>
    <subfield code="y">BK</subfield>
  </datafield>
  <datafield tag="952" ind1=" " ind2=" ">
    <subfield code="0">0</subfield>
    <subfield code="1">0</subfield>
    <subfield code="4">0</subfield>
    <subfield code="7">0</subfield>
    <subfield code="8">CS/IT</subfield>
    <subfield code="a">JRU</subfield>
    <subfield code="b">JRU</subfield>
    <subfield code="c">SHELF-55-A</subfield>
    <subfield code="d">2016-05-23</subfield>
    <subfield code="l">0</subfield>
    <subfield code="o">005.74</subfield>
    <subfield code="p">4370</subfield>
    <subfield code="r">2016-05-23 00:00:00</subfield>
    <subfield code="w">2016-05-23</subfield>
    <subfield code="y">BK</subfield>
  </datafield>
  <datafield tag="952" ind1=" " ind2=" ">
    <subfield code="0">0</subfield>
    <subfield code="1">0</subfield>
    <subfield code="4">0</subfield>
    <subfield code="7">0</subfield>
    <subfield code="8">CS/IT</subfield>
    <subfield code="a">JRU</subfield>
    <subfield code="b">JRU</subfield>
    <subfield code="c">SHELF-53-A</subfield>
    <subfield code="d">2016-05-23</subfield>
    <subfield code="l">1</subfield>
    <subfield code="o">4365</subfield>
    <subfield code="p">4371</subfield>
    <subfield code="r">2025-12-24 10:18:22</subfield>
    <subfield code="s">2025-08-05</subfield>
    <subfield code="w">2016-05-23</subfield>
    <subfield code="y">BK</subfield>
  </datafield>
  <datafield tag="952" ind1=" " ind2=" ">
    <subfield code="0">0</subfield>
    <subfield code="1">0</subfield>
    <subfield code="4">0</subfield>
    <subfield code="7">0</subfield>
    <subfield code="8">CS/IT</subfield>
    <subfield code="a">JRU</subfield>
    <subfield code="b">MAIN</subfield>
    <subfield code="c">SHELF-55-A</subfield>
    <subfield code="d">2016-05-23</subfield>
    <subfield code="l">1</subfield>
    <subfield code="o">005.74</subfield>
    <subfield code="p">4372</subfield>
    <subfield code="r">2025-10-08 13:58:55</subfield>
    <subfield code="s">2025-09-26</subfield>
    <subfield code="w">2016-05-23</subfield>
    <subfield code="y">BK</subfield>
  </datafield>
  <datafield tag="952" ind1=" " ind2=" ">
    <subfield code="0">0</subfield>
    <subfield code="1">0</subfield>
    <subfield code="4">0</subfield>
    <subfield code="7">0</subfield>
    <subfield code="8">REF</subfield>
    <subfield code="a">JRU</subfield>
    <subfield code="b">JRU</subfield>
    <subfield code="c">SHELF-53-A</subfield>
    <subfield code="d">2016-05-23</subfield>
    <subfield code="l">0</subfield>
    <subfield code="o">4365</subfield>
    <subfield code="p">4373</subfield>
    <subfield code="r">2016-05-23 00:00:00</subfield>
    <subfield code="w">2016-05-23</subfield>
    <subfield code="y">BK</subfield>
  </datafield>
  <datafield tag="952" ind1=" " ind2=" ">
    <subfield code="0">0</subfield>
    <subfield code="1">0</subfield>
    <subfield code="4">0</subfield>
    <subfield code="7">0</subfield>
    <subfield code="8">CS/IT</subfield>
    <subfield code="a">JRU</subfield>
    <subfield code="b">MAIN</subfield>
    <subfield code="c">SHELF-55-A</subfield>
    <subfield code="d">2016-05-23</subfield>
    <subfield code="l">7</subfield>
    <subfield code="m">2</subfield>
    <subfield code="o">005.74</subfield>
    <subfield code="p">4374</subfield>
    <subfield code="r">2023-04-11 00:00:00</subfield>
    <subfield code="s">2022-12-29</subfield>
    <subfield code="w">2016-05-23</subfield>
    <subfield code="y">BK</subfield>
  </datafield>
</record>
